La maternidad y su consideración jurídico- laboral y de seguridad social
Kaydedildi:
| Yazar: | |
|---|---|
| Materyal Türü: | Kitap |
| Dil: | İspanyolca |
| Baskı/Yayın Bilgisi: |
Madrid
Consejo Económico y Social
2004
|
| Edisyon: | 1a. ed |
| Seri Bilgileri: | Colección Estudios, 159
|
| Konular: | |
| Etiketler: |
Etiketle
Etiket eklenmemiş, İlk siz ekleyin!
|
MARC
| LEADER | 00000nam a2200000 a 4500 | ||
|---|---|---|---|
| 001 | UCK4851 | ||
| 003 | CL-VaPUC | ||
| 008 | 050624e20041000SP |||||||||||||||||spa|d | ||
| 020 | |a 848188216X | ||
| 082 | 0 | 4 | |a 344.0224 |b GAR |2 21 |
| 100 | |a Garrigues Giménez, Amparo |e author |9 493486 | ||
| 245 | 1 | 3 | |a La maternidad y su consideración jurídico- laboral y de seguridad social |
| 250 | |a 1a. ed | ||
| 300 | |a 283 p | ||
| 942 | |c BK | ||
| 945 | |d 20050624 00:00:00 |a jcarroza | ||
| 260 | |a Madrid |b Consejo Económico y Social |c 2004 | ||
| 650 | 0 | |a Maternidad |9 335758 | |
| 650 | 7 | |a PROTECCION DE LA MATERNIDAD |2 CL-VaPUC |9 493487 | |
| 650 | 7 | |a DERECHO LABORAL |2 CL-VaPUC |9 15 | |
| 650 | 0 | |a Mujeres trabajadoras |9 259236 | |
| 650 | 7 | |a FUERO MATERNAL |2 CL-VaPUC |9 493488 | |
| 650 | 0 | |a Seguridad social |9 255322 | |
| 583 | |a last modification |c 20170731 10:35:04 |k Rodrigo Vera | ||
| 490 | 0 | |a Colección Estudios, 159 | |
| 999 | |c 313592 |d 313590 | ||
| 952 | |0 0 |1 0 |4 0 |6 344_022400000000000_GAR_2004 |7 0 |8 A |9 385016 |a BIBDER |b BIBDER |d 2019-11-22 |i 4140400 |o 344.0224 GAR 2004 |p 4140400 |r 2023-01-25 |w 2019-11-22 |y BK |k DER | ||